Instrucción pastoral sobre el aborto /

Postura pastoral de Javier Lozano Barragán, obispo de la diócesis de Zacatecas, acerca del aborto, en el que plantea la doctrina de la Iglesia al respecto y su posicionamiento frente a la posibilidad de su despenalización. En el presente documento concibe el aborto como "la interrupción del embarazo...

Полное описание

Сохранить в:
Библиографические подробности
Соавтор: Iglesia Católica en México. Diócesis de Zacatecas (1984-1997 : Lozano Barragán)
Другие авторы: Lozano Barragán, Javier (autor) (autor)
Формат:
Язык:испанский
Опубликовано: Zacatecas, México : Diócesis de Zacatecas, 1986
Предметы:
Метки: Добавить метку
Нет меток, Требуется 1-ая метка записи!

MARC

LEADER 00000nam^a2200000^a^4500
001 000557636
005 20250521000000.0
009 20260310131805.282
037 |a Acervo Xavier Clavigero 
041 |a ESP 
082 |a 174. 24  |b IGL 
110 |a Iglesia Católica en México.  |b Diócesis de Zacatecas (1984-1997 : Lozano Barragán) 
245 1 0 |a Instrucción pastoral sobre el aborto /  |c J. Lozano Barragán. 
264 1 |a Zacatecas, México :  |b Diócesis de Zacatecas,  |c 1986 
300 |a 7 p. 
300 |a 1 folleto 
336 |a texto  |b txt  |2 rdacontenido 
337 |a sin mediación  |b n  |2 rdamedio 
338 |a volumen  |b nc  |2 rdasoporte 
520 |a Postura pastoral de Javier Lozano Barragán, obispo de la diócesis de Zacatecas, acerca del aborto, en el que plantea la doctrina de la Iglesia al respecto y su posicionamiento frente a la posibilidad de su despenalización. En el presente documento concibe el aborto como "la interrupción del embarazo antes de la viabilidad del feto, prescindiendo de si el embrión viene o no expulsado". 
649 |a XX 
650 |a Iglesia Católica en México -  |x Cartas y Edictos Pastorales 
650 |a Aborto -  |x Aspectos Jurídicos 
650 |a Aborto -  |x Tema Principal 
650 |a Derecho a la Vida 
650 |a Etica Cristiana 
650 |a Teología Doctrinal 
650 |a Catolicismo 
650 |a Cristianismo 
650 |a Religión 
700 |a Lozano Barragán, Javier  |e (autor) 
910 |a Fondo General 
920 |a Impresos - Libros 
930 |a Colección General 
905 |a 101 
901 |a 0500396076  |b IT2  |c FOL  |u 20250521 
902 |a https://opac.biblio.iteso.mx/vufind/Record/000557636